000 00234 a2200085 4500
020 _a978-1-61332-072-3
100 _aJane Jacobs
245 _aWhat We See: Advancing the Observations of Jane Jacobs
260 _b NYU Press, New Village Press
999 _c11504
_d11504